00455nam a22001337a 4500008004100000020001800041040005500059080001700114245008300131260005300214300001700267650001300284700002400297230526b |||||||| |||| 00| 0 eng d a81-7023-862-5 aNational Science LibrarycNational Science Library a575.113 bN9 aHuman genome research : bEmerging ethical, legal, social and economic issues  aNew Delhi: bAllied Publications Limited, c1999 axviii, 251p. aScience  aMenon, M G K (Ed.)